US States With the Most McDonald's - Statistics

General Stats
  • This quiz has been taken 27 times
  • The average score is 8 of 10
Answer Stats
McDonald's State % Correct
1,218 California
95%
868 Florida
95%
580 New York
95%
1,141 Texas
95%
610 Ohio
82%
443 Georgia
77%
531 Michigan
77%
648 Illinois
68%
476 Pennsylvania
68%
468 North Carolina
64%
No matching quizzes found
Score Distribution
Percent of People with Each Score
Percentile by Number Answered
Your Score History
You have not taken this quiz